Las empresas (Record no. 68153)

MARC details
000 -LEADER
campo de control de longitud fija 00509nam a2200157 i 4500
001 - NÚMERO DE CONTROL
campo de control 68153
003 - IDENTIFICADOR DE NÚMERO DE CONTROL
campo de control ES-MaACL
005 - FECHA Y HORA DE LA ÚLTIMA TRANSACCIÓN
campo de control 20230906170219.0
007 - CAMPO FIJO DE DESCRIPCIÓN FÍSICA--INFORMACIÓN GENERAL
campo de control de longitud fija t|
008 - DATOS DE LONGITUD FIJA--INFORMACIÓN GENERAL
campo de control de longitud fija 040610s1942 sp ||||1| spa d
100 1# - ENTRADA PRINCIPAL--NOMBRE DE PERSONA
Nombre de persona Garau Riu, Miguel.
9 (RLIN) 53930
245 14 - MENCIÓN DEL TÍTULO
Título Las empresas
Resto del título : su administración económico-financiera orientada hacia el servicio y el beneficio /
Mención de responsabilidad, etc. Miguel Garau Riu.
260 ## - PUBLICACIÓN, DISTRIBUCIÓN, ETC.
Lugar de publicación, distribución, etc. Barcelona :
Nombre del editor, distribuidor, etc. Bosch,
Fecha de publicación, distribución, etc. [1942] (
Fabricante Clarasó)
300 ## - DESCRIPCIÓN FÍSICA
Extensión 371 p. ;
Dimensiones 23 cm.
852 ## - LOCALIZACIÓN
Ubicación ES-MaACL
Número de control de estantería C-11280
Sublocalización o colección R.39581
Holdings
Estatus retirado Estado de pérdida Estado de daño No para préstamo Biblioteca de origen Biblioteca actual Ubicación en estantería Fecha de adquisición Fuente de adquisición Total de préstamos Signatura topográfica completa Código de barras Visto por última vez Precio de reemplazo Tipo de ítem Koha
        Biblioteca del Ateneo de Madrid Biblioteca del Ateneo de Madrid Sala Palomar 17/01/2008     C-11280 1071347 23/02/2023 23/02/2023 Libro impreso